000 02107am aa2200313i 44500
003 PE-LiUPU
005 20251013084339.0
008 2010s2020 xx a rb 000 0 spa d
020 _a9781393116004
035 _aPE-LiUPU000017
040 _aPE-LiUPU
_bspa
_cPE-LiUPU
_erda
082 0 4 _a618.3
_bV677e
_223
100 _aVigil-De Gracia, Paulino,
_eautor.
_97189
245 1 0 _aEmbarazo de alto riesgo /
_cpor Paulino Vigil-De Gracia.
264 1 _a[Panamá?] :
_bPaulino Vigil-De Gracia,
_c2020.
300 _a576 páginas :
_bilustraciones ;
_c28 cm.
336 _atexto
_2rdacontent
337 _asin mediación
_2rdamedia
338 _avolumen
_2rdacarrier
504 _aIncluye referencias bibliográficas.
505 0 _aEmbarazo de alto riesgo -- Diagnóstico prenatal -- Ecografía obstétrica temprana -- Sangrados de la primera mitad del embarazo -- Sangrados de la segunda mitad del embarazo -- Inducción del trabajo de parto -- Vigilancia fetal anteparto e intraparto -- Complicaciones intraparto -- Infecciones perinatales -- Infecciones del tracto urinario y bacteriuria -- Restricción del crecimiento fetal -- Parto prematuro -- Ruptura prematura de membranas -- Embarazo en adolescentes -- Embarazo múltiple -- Obesidad y embarazo -- Diabetes y embarazo -- Hipertensión crónica y embarazo -- Preeclampsia-eclampsia -- Síndrome de HELLP -- Trastornos hematológicos y embarazo -- Cardiopatías y embarazo -- Trombofilias y embarazo -- Hígado graso agudo del embarazo -- Virus de Inmunodeficiencia Humana y embarazo -- Puerperio patológico -- Hemorragia post parto -- Periviabilidad neonatal -- Analgesia y anestesia obstétrica -- Mortalidad materna.
650 1 4 _aEmbarazo
_xComplicaciones.
_97190
650 2 4 _aObstetricia
_xEnfermedades.
_97191
650 2 4 _aSalud materna
_xRiesgos médicos.
_97192
650 2 4 _aGinecoobstetricia.
_97193
856 4 0 _uhttps://www.vigildegracia.com (si aplica, de tener sitio del autor)
_zSitio del autor (opcional).
942 _2ddc
_cBK
980 _621515
_aROMINA COBOS Adquisiciones
_818226
_gJaime Vilcazán Jefe de Análisis Documental
999 _c63110
_d63109